Rywale reprezentacji Polski 1924 - Statystyki

Ogólne statystyki
  • Ten quiz został rozwiązany 9 razy
  • Średni wynik to 3 z 5
Statystyki odpowiedzi
RM WM ZM PM BZ BS RB Reprezentacja % Poprawnych
2 0 0 2 0 9 -9 Węgry
100%
2 0 1 1 1 12 -11 Szwecja
86%
1 1 0 0 1 0 1 Finlandia
71%
1 0 0 1 2 3 -1 Stany Zjednoczone
14%
1 1 0 0 2 0 2 Turcja
0%
Nie znaleziono quizów pasujących do podanych kryteriów
Rozkład punktacji
Procent ludzi z każdym wynikiem
Percentyl według liczby udzielonych odpowiedzi
Twoja historia wyników
Nie rozwiązałeś tego quizu